| 000 | 00428nam a22001697a 4500 | ||
|---|---|---|---|
| 003 | NUST - PNEC | ||
| 005 | 20170116181146.0 | ||
| 008 | 151012b xxu||||| |||| 00| 0 eng d | ||
| 020 | _a0582273471 | ||
| 040 | _cLIBRARY | ||
| 082 | _a629.8 SCH | ||
| 100 |
_915000 _aSchwarzenbach, J. |
||
| 245 |
_aEssentials of control _cJ Schwarzenbach, |
||
| 260 | _cc1996. | ||
| 650 |
_915002 _aAutomatic control _xME |
||
| 942 |
_2ddc _cBK |
||
| 999 |
_c70707 _d70707 |
||